00558nam a2200145Ia 4500008004100000020002800041040001400069082002100083110004000104245014000144250001300284260006000297300002600357650002900383190719s9999||||xx |||||||||||||| ||und|| a9789280116519c£ 15.00 aIMU Kochi04a628.16833bIn858 aInternational Maritime Organization 0aGuidelines on International offers of Assistance in response to a Marine Oil Pollution incident / cInternational Maritime Organization a2016 ed. aLondon : bInternational Maritime Organization , c2016 aviii, 70 p.c; 30 cm. aOil pollution of the sea